| 000 | 03250cam a22005774i 4500 | ||
|---|---|---|---|
| 003 | PE-LiUPU | ||
| 005 | 20250731180136.0 | ||
| 008 | 150625s r 000 0 d | ||
| 020 | _a8497450566 | ||
| 035 | _a(Sirsi) i9788497450560 | ||
| 040 |
_aPE-LiUPU _bspa _cPE-LiUPU _erda |
||
| 049 | _aPRUA | ||
| 082 | 0 | 4 |
_a574.502504 _bS58 _221 |
| 245 | 0 | 0 |
_aSistemas de información medioambiental / _cJosé Ángel Taboada Gonzáles y José Manuel Cotos Yáñez, editores. |
| 264 | 1 |
_aMadrid : _bNetbiblo, _c2005. |
|
| 300 |
_a272 páginas : _bilustraciones, ; _c24 centímetros |
||
| 336 |
_atext _2rdacontent |
||
| 337 |
_aunmediated _2rdamedia |
||
| 338 |
_avolume _2rdacarrier |
||
| 504 | _aIncluye bibliografía al final de cada capítulo. | ||
| 505 | 0 | _aConceptos teóricos. -Introducción a los sistemas de información. -Modelado de datos. -Bases de datos espaciales. -Sistemas de información geográfica. -Indicadores y sistemas de seguimiento ambiental. -Análisis de decisión multicriterio espacial. -Geoestadística: introducción y ejemplo. -Casos reales. -Infraestructura de datos espaciales: la iniciativa europea INSPIRE y ejemplo de su aplicación. -Automatización de procesos medioambientales. -Un caso práctico de desarrollo de sistemas de información ambiental: el sistema de información ambiental de Galicia. -La cartografía digital, coberturas y usos del suelo, estadísticas de superficies agricolas y forestales como base de los sistemas de información ambiental. -Sistemas de información para la supervisión de medios aéreos. -Sistemas de supervisión y control de edificios inteligentes para la optimización de recursos energéticos. -Sistema de control del medio marino en Galicia. . | |
| 526 | _aSEG44 | ||
| 526 | _aSEG26 | ||
| 526 | _aP159 | ||
| 526 | _aP155 | ||
| 526 | _aP154 | ||
| 526 | _aP153 | ||
| 526 | _aP150 | ||
| 526 | _aP100 | ||
| 526 | _aP31 | ||
| 526 | _aP30 | ||
| 526 | _aP26 | ||
| 526 | _aP25 | ||
| 526 | _aP24 | ||
| 526 | _aP22 | ||
| 526 | _aP15 | ||
| 526 | _aP10 | ||
| 541 | _g001-0028396; | ||
| 541 | _g015-0012792; | ||
| 650 | 0 | 4 |
_aEcología _xRecursos de informacion. |
| 650 | 0 | 4 |
_aMedio ambiente _xRecursos de informacion. |
| 700 | 1 |
_aCotos Yáñez, José Manuel, _eeditor. |
|
| 700 | 1 |
_aTaboada González, José Ángel, _ed. |
|
| 942 |
_2ddc _cBOOK |
||
| 949 |
_a574.502504 S58 _wDEWEY _c1 _i62941 _d2015-9-30 _e2015-9-29 _lCCODEBUL1 _mBUL _n1 _p57.00 _r0 _sY _tBOOK _u2015-6-25 _xINGENIERIA _PP24 _0COMPRA _o.STAFF. Colección General |
||
| 949 |
_a574.502504 S58 _wDEWEY _c2 _i58317 _lCCODEBUL1 _mBUL _p71.00 _r0 _sY _tBOOK _u2015-6-25 _xINGENIERIA _PP24 _0COMPRA _o.STAFF. Colección General |
||
| 994 |
_aC0 _bPEPRU |
||
| 596 | _a1 | ||
| 999 |
_a574.502504 S58 _wDEWEY _c47262 _i62941 _d47262 _e2015-9-29 _f2019-12-11 _g6 _lDISCARD _mBUL _n1 _p57.00 _r1 _sY _tBOOK _u2015-6-25 _xINGENIERIA _PP24 _0COMPRA _o.STAFF. Colección General |
||
| 999 |
_a574.502504 S58 _wDEWEY _c2 _i58317 _d2019-4-15 _e2019-4-15 _f2021-11-5 _g7 _lCCODEBUL1 _mBUL _n1 _p71.00 _q1 _r0 _sN _tBOOK _u2015-6-25 _xBIBLIOTECA _PP24 _0COMPRA _o.STAFF. Colección General |
||
| 980 |
_81 _gALBERTO SANCHEZ Responsable de Automatización |
||